The building regulations : (Record no. 121305)

MARC details
000 -LEADER
fixed length control field 01801aam a22003491i 4500
001 - CONTROL NUMBER
control field 018274557
003 - CONTROL NUMBER IDENTIFIER
control field Uk
005 - DATE AND TIME OF LATEST TRANSACTION
control field 20230110154540.0
006 - FIXED-LENGTH DATA ELEMENTS--ADDITIONAL MATERIAL CHARACTERISTICS
fixed length control field m || d |
007 - PHYSICAL DESCRIPTION FIXED FIELD--GENERAL INFORMATION
fixed length control field cr |||||||||||
008 - FIXED-LENGTH DATA ELEMENTS--GENERAL INFORMATION
fixed length control field 230110s2017 xxka 001 0 eng d
020 ## - INTERNATIONAL STANDARD BOOK NUMBER
International Standard Book Number 9781405195027
020 ## - INTERNATIONAL STANDARD BOOK NUMBER
Canceled/invalid ISBN 1119070813
020 ## - INTERNATIONAL STANDARD BOOK NUMBER
Canceled/invalid ISBN 9781405195027
082 04 - DEWEY DECIMAL CLASSIFICATION NUMBER
Classification number 343.4207869
100 1# - MAIN ENTRY--PERSONAL NAME
Personal name Billington, M. J.
Fuller form of name (Michael J.),
Relator term author.
245 14 - TITLE STATEMENT
Title The building regulations :
Remainder of title explained and illustrated /
Statement of responsibility, etc. M.J. Billington, S.P. Barnshaw, K.T. Bright, A. Crooks.
264 #4 - PRODUCTION, PUBLICATION, DISTRIBUTION, MANUFACTURE, AND COPYRIGHT NOTICE
Date of production, publication, distribution, manufacture, or copyright notice ©2017
300 ## - PHYSICAL DESCRIPTION
Extent 1024p
336 ## - CONTENT TYPE
Content type term text
504 ## - BIBLIOGRAPHY, ETC. NOTE
Bibliography, etc. note Includes bibliographical references and index.
505 0# - FORMATTED CONTENTS NOTE
Formatted contents note Legal and administrative. Building control -- The Building Regulations and Approved Documents -- Local authority control -- Private certification -- Work under the supervision of a competent person -- Technical. Structural stability (Part A) -- Part 7 - Fire (Part B) -- Materials, workmanship, site preparation and moisture exclusion (Part C) -- Toxic substances (Part D) -- Sound insulation (Part E) -- Ventilation (Part F) -- Sanitation, hot water safety and water efficiency (Part G) -- Drainage and waste disposal (Part H) -- Combustion appliances and fuel storage systems (Part J) -- Protection from falling, collision and impact (Part K) / KT Bright -- Conservation of fuel and power (Part L) -- Access to and use of buildings (Part M) / KT Bright -- Electrical safety (Part P) -- Security (Part Q).
650 #0 - SUBJECT ADDED ENTRY--TOPICAL TERM
Topical term or geographic name entry element Building laws
Geographic subdivision England.
650 #7 - SUBJECT ADDED ENTRY--TOPICAL TERM
Topical term or geographic name entry element Building laws.
651 #7 - SUBJECT ADDED ENTRY--GEOGRAPHIC NAME
Geographic name England.
690 ## - LOCAL SUBJECT ADDED ENTRY--TOPICAL TERM (OCLC, RLIN)
9 (RLIN) 6224
Topical term or geographic name as entry element Building regulations
700 1# - ADDED ENTRY--PERSONAL NAME
Personal name Barnshaw, S. P.,
Relator term author.
700 1# - ADDED ENTRY--PERSONAL NAME
Personal name Bright, K. T.,
Relator term author.
700 1# - ADDED ENTRY--PERSONAL NAME
Personal name Crooks, A.,
Relator term author.
942 ## - ADDED ENTRY ELEMENTS (KOHA)
Source of classification or shelving scheme Dewey Decimal Classification

No items available.